Central Library OPAC University of Rajshahi
Normal view MARC view

Entry Personal Name

Number of records used in: 2

001 - CONTROL NUMBER

  • control field: 1020

003 - CONTROL NUMBER IDENTIFIER

  • control field: BD-RjUL

005 - DATE AND TIME OF LATEST TRANSACTION

  • control field: 20220131112545.0

008 - FIXED-LENGTH DATA ELEMENTS

  • fixed length control field: 220131|| aca||aabn | a|a d

040 ## - CATALOGING SOURCE

  • Original cataloging agency: BD-RjUL
  • Transcribing agency: BD-RjUL

100 ## - HEADING--PERSONAL NAME

  • Personal name: আলম, এ. কে. এম. শামসুল, তত্বাবধায়ক

670 ## - SOURCE DATA FOUND

  • Source citation: Work cat.: (BD-RjUL)79290: রহমান, এ. কে. এম. মুস্তাফিজুর 1017, রাসূলুল্লাহ্ (সা:) এর খূতবা সমূহ : , ২০১৪